000 00435pab a2200169 454500
008 180718b2009 xxu||||| |||| 00| 0 eng d
100 _aGlennie, Jonathan
245 _aOpenness, democracy and humility: the principles of a new era of development
260 _c2009
300 _ap.363-68.
362 _aSep
650 _aAccountability
650 _aEconomic recession
773 _aDevelopment
908 _aN
909 _a84343
999 _c84343
_d84343